Wordt geladen...

Introduction to quantitative methods work book /

Bibliografische gegevens
Formaat: Printed Book
Gepubliceerd in: Hyderabad : ICFAI University. 2005.
Onderwerpen:
LEADER 00419cam a2200121ua 4500
082 1 4 |a 658.4033  |b INT 
245 1 0 |a Introduction to quantitative methods work book /  
260 |a Hyderabad :   |b ICFAI University.  |c 2005. 
300 |a 280p ;  
650 0 |a Quantitative methods 
942 |c BK 
999 |c 31557  |d 31557 
952 |0 0  |1 0  |4 0  |6 658_403300000000000_INT  |7 0  |9 40412  |a KU  |b KU  |d 2015-07-05  |l 3  |o 658.4033 INT  |p MB02860  |r 2020-12-24  |s 2018-10-06  |y BK